01610cam a22003495i 4500999001700000001001000017003000900027005001700036008004100053020002200094020001800116020001500134040003600149082001900185100003300204245008700237250001900324264008500343300004500428336002600473337002800499338002700527500002400554504005100578520034100629650004600970650004901016650003001065653002301095942001201118952013001130 c28617d28588009052389EG-ScBUE20200830160118.0030630s2003 njua f 001 0 eng d a0130914290 (pbk.) a9780131115026 z0131115022 aStDuBDSbengerdadUkcEG-ScBUE04a005.8bSTA2221 aStallings, William,eauthor.10aCryptography and network security :bprinciples and practice /cWilliam Stallings. aThird edition. 1aUpper Saddle River, NJ :b Prentice Hall Pearson Education International,c2003. axiv, 681 pages :billustrations ;c24 cm atextbtxt2rdacontent aunmediatedbn2rdamedia avolumebnc2rdacarrier aPrevious ed.: 1999. aIncludes bibliographical references and index. aIntended for one-semester, undergraduate and graduate level courses in Cryptography, Computer Security, and Network Security. This book provides a practical survey of both the principles and practice of cryptography and network security. It has been reorganized to provide the optimal sequence for classroom instruction and self-study.  7aData encryption (Computer science)2BUEsh 7aComputer networksxSecurity measures.2BUEsh 7aComputer security.2BUEsh bCOMSCIcAugust2020 2ddccBB 00102ddc40708unknownaMAINbMAINcLOWd2020-08-30ePurchasel0o005.8 STAp000049607r2025-07-15 00:00:00w2020-08-30yBB